[Event "SVK-ch U18/20"]
[Site "Tatralandia"]
[Date "2024.04.06"]
[Round "2"]
[White "Rerko, Samuel"]
[Black "Volanek, Maros"]
[Result "0-1"]
[WhiteElo "1584"]
[BlackElo "1822"]
[PlyCount "84"]
[EventDate "2024.04.05"]
[EventType "swiss"]
[EventRounds "9"]
[EventCountry "SVK"]
[SourceTitle "CB16_2024"]
[SourceDate "2024.04.17"]
[SourceVersion "1"]
[SourceVersionDate "2024.04.17"]
[SourceQuality "1"]

1. c4 e5 2. g3 f5 3. Bg2 Nf6 4. Nc3 c6 5. Nf3 d6 6. 0-0 Be7 7. Qb3 Nbd7 8. Rd1 Qb6 9. Qc2 g6 10. e4 Nc5 11. d3 Be6 12. Ng5 h6 13. Nxe6 Nxe6 14. Na4 Qc7 15. exf5 gxf5 16. b3 0-0-0 17. Bb2 h5 18. Bh3 Ng4 19. Qe2 Ng5 20. Bg2 h4 21. h3 Nf6 22. f4 Nf7 23. fxe5 dxe5 24. Rf1 Nh5 25. Rxf5 Nxg3 26. Qf2 Nxf5 27. Qxf5+ Kb8 28. Re1 Qd7 29. Bxe5+ Nxe5 30. Qxe5+ Bd6 31. Nc5 Bxe5 32. Nxd7+ Rxd7 33. Rxe5 Rxd3 34. Re2 Rhd8 35. Kf2 Rd2 36. Ke3 R8d3+ 37. Kf2 Kc7 38. c5 Rxe2+ 39. Kxe2 Rc3 40. Kd2 Rxc5 41. Bf3 Rg5 42. Bg4 Rxg4 0-1

[Event "SVK-ch U14"]
[Site "Liptovsky Mikulas"]
[Date "2019.04.30"]
[Round "9"]
[White "Rerko, Samuel"]
[Black "Kuna, Patrik"]
[Result "1-0"]
[WhiteElo "1000"]
[BlackElo "1651"]
[PlyCount "67"]
[EventDate "2019.04.23"]
[EventType "swiss"]
[EventRounds "9"]
[EventCountry "SVK"]
[SourceTitle "CBM 190 Extra"]
[Source "ChessBase"]
[SourceDate "2019.07.15"]
[SourceVersion "1"]
[SourceVersionDate "2019.07.15"]
[SourceQuality "1"]

1. e4 c5 2. c3 Nc6 3. Nf3 g6 4. d4 cxd4 5. Nxd4 Bg7 6. Nxc6 bxc6 7. Bc4 d6 8. 0-0 Nf6 9. f3 0-0 10. Re1 Qb6+ 11. Qd4 Nd5 12. Qxb6 Nxb6 13. Bb3 Ba6 14. Nd2 Rab8 15. a4 Rb7 16. a5 Nd7 17. Bc4 Bxc4 18. Nxc4 Nc5 19. Rd1 Nb3 20. Rb1 Rfb8 21. a6 Rb5 22. Be3 c5 23. Bf4 Na5 24. Nxa5 Rxa5 25. b4 cxb4 26. Rxb4 Rxb4 27. cxb4 Rxa6 28. Be3 Ra3 29. Kf2 a6 30. Rc1 Ra2+ 31. Kg3 Rb2 32. Rc7 Rxb4 33. Rc8+ Bf8 34. Bh6 1-0

[Event "SVK-ch U14"]
[Site "Liptovsky Mikulas"]
[Date "2019.04.29"]
[Round "8"]
[White "Duda, Daniel1111"]
[Black "Rerko, Samuel"]
[Result "1-0"]
[WhiteElo "1245"]
[BlackElo "1000"]
[PlyCount "87"]
[EventDate "2019.04.23"]
[EventType "swiss"]
[EventRounds "9"]
[EventCountry "SVK"]
[SourceTitle "CBM 190 Extra"]
[Source "ChessBase"]
[SourceDate "2019.07.15"]
[SourceVersion "1"]
[SourceVersionDate "2019.07.15"]
[SourceQuality "1"]

1. d4 d5 2. c4 c6 3. Nc3 e6 4. Nf3 f5 5. Bf4 Be7 6. e3 Nd7 7. Rc1 Ngf6 8. Bd3 Nh5 9. 0-0 Nxf4 10. exf4 0-0 11. Re1 Nb6 12. Qe2 Bd6 13. c5 Bxf4 14. cxb6 Bxc1 15. Rxc1 axb6 16. Ne5 Qg5 17. Re1 Qf4 18. b3 Qxd4 19. Na4 b5 20. Nf3 Qf6 21. Nb6 Rb8 22. Nxc8 Rbxc8 23. Ne5 Rcd8 24. Qe3 d4 25. Qg3 Rfe8 26. Qh3 Rd5 27. Nf3 e5 28. Bxf5 g6 29. Be4 Rc5 30. Qd7 Qe7 31. Qg4 Qg7 32. Ng5 Qh6 33. Qd7 Rf8 34. Qd6 Rd5 35. Bxd5+ cxd5 36. Qxd5+ Kg7 37. Ne6+ Kf6 38. Qxe5+ Kf7 39. Nxf8 Qxf8 40. Qf4+ Kg7 41. Qxd4+ Kh6 42. Qh4+ Kg7 43. Re7+ Kg8 44. Qxh7# 1-0